Κατάλογος περιοδικών 1996
Αποθηκεύτηκε σε:
| Συγγραφή απο Οργανισμό/Αρχή: | |
|---|---|
| Μορφή: | Βιβλίο |
| Γλώσσα: | Greek |
| Δημοσίευση: |
[χ.τ.] :
Δημόσια Επιχείριση Ηλεκτρισμού,
1996
|
| Θέματα: | |
| Ετικέτες: |
Προσθήκη ετικέτας
Δεν υπάρχουν, Καταχωρήστε ετικέτα πρώτοι!
|
MARC
| LEADER | 00000nam a2200000 i 4500 | ||
|---|---|---|---|
| 001 | 1/11348 | ||
| 008 | 000911s1996 gre d | ||
| 035 | |l 10063800 | ||
| 040 | |a GR-MY-UA |b gre |e aacr | ||
| 041 | 0 | |a gre | |
| 082 | 0 | |a Π 011.34 | |
| 110 | 2 | |a Δημόσια Επιχείριση Ηλεκτρισμού |b Κεντρική Βιβλιοθήκη. | |
| 245 | 1 | 0 | |a Κατάλογος περιοδικών 1996 / |c Δημόσια Επιχείριση Ηλεκτρισμού. Κεντρική Βιβλιοθήκη |
| 260 | |a [χ.τ.] : |b Δημόσια Επιχείριση Ηλεκτρισμού, |c 1996 | ||
| 300 | |a 28 σ.; |c 30 cm | ||
| 610 | 2 | 0 | |a Δημόσια Επιχείρηση Ηλεκτρισμού. |
| 650 | 0 | 0 | |a Periodicals |x Bibliography. |
| 650 | 0 | 0 | |a Periodicals |x Catalogs. |
| 852 | |a INST |b CHIOS |e 20000911 |h 011.34 ΔΗΜ |p 005200018112 |q 005200018112 |t REF |y 23 | ||
| 901 | |a BIBL2-2000-3 | ||
| 909 | |a Χ |b 075726 | ||
| 920 | |a ΔΗΜΟΣΙΑ ΕΠΙΧΕΙΡΗΣΗ ΗΛΕΚΤΡΙΣΜΟΥ.ΚΕΝΤΡΙΚΗ ΒΙΒΛΙΟΘΗΚΗ |y ΧΙΟΣ |z 2000-03 | ||
| 970 | |z 2000/09/ΣΟΦΙΑ | ||